Optimization of the Process of Selling the Service to Service Providers Through Intermediary Companies

Salvato in:
Dettagli Bibliografici
Autore principale: Sebestyén, František, 1968-
Natura: Capitolo di libro
Lingua:inglese
Soggetti:
Tags: Aggiungi Tag
Nessun Tag, puoi essere il primo ad aggiungerne!!

MARC

LEADER 00000naa$a2200000$$$4500
001 0279462
005 20240502074333.7
041 0 |a eng 
044 |a SK 
245 1 0 |a Optimization of the Process of Selling the Service to Service Providers Through Intermediary Companies  |c František Sebestyén 
500 |a Abstrakt 
610 2 0 |a podnik malý 
610 2 0 |a podnik stredný 
610 2 0 |a riziko 
610 2 0 |a predaj 
100 1 |a Sebestyén, František, 1968-